| 000 | 01149am a2200397a 44500 | ||
|---|---|---|---|
| 003 | AR-BaBNM | ||
| 005 | 20251128210055.0 | ||
| 008 | 139019s1997 #AR|||||||||||000 | spa|| | ||
| 020 | _a950-808-153-8 | ||
| 040 | _cAR-BaBNM | ||
| 245 | 1 | 0 | _aProblemas de aprendizaje ¿qué prevención es posible? |
| 260 |
_aRosario _bHomo Sapiens Ediciones _c1997 |
||
| 300 | _a168 p. | ||
| 490 | 0 | _aEstudios sociales | |
| 504 | _aContiene bibliografía y notas al final de cada capítulo | ||
| 650 | 4 | _aAPRENDIZAJE | |
| 650 | 4 | _aPROCESO DE APRENDIZAJE | |
| 650 | 4 | _aDIFICULTADES EN EL APRENDIZAJE | |
| 650 | 4 | _aANALFABETISMO | |
| 650 | 4 | _aEDUCACION SEXUAL | |
| 650 | 4 | _aSEXUALIDAD | |
| 650 | 4 | _aPROBLEMAS DE COMPORTAMIENTO | |
| 650 | 4 | _aPAPEL DE LA FAMILIA | |
| 650 | 4 | _aPAPEL DE LA ESCUELA | |
| 653 | _aFRACASO ESCOLAR | ||
| 653 | _aINSTITUCIONES EDUCATIVAS | ||
| 700 | 1 |
_aMenin, Ovide _ecoordinador |
|
| 700 | 1 | _aBloj, Ana María | |
| 700 | 1 | _aBixio, Cecilia | |
| 700 | 1 | _aCaballero, Zulma | |
| 700 | 1 | _aPeralta, Zulma | |
| 700 | 1 | _aBoggino, Norberto | |
| 700 | 1 | _aAugsburger, Ana Cecilia | |
| 942 | _cBK | ||
| 998 | _cRaquel | ||
| 999 |
_c13917 _d13917 |
||